00323pam a2200145a 44500008004100000020000900041041001200050082000900062100002900071245002500100250000600125260002800131300000900159650000900168230515b2002 xxu||||| |||| 00| 0 eng d aNULL aENGLISH aN.D. aRamamrutham / Narayan R. aTheory Of Structures a0 aNULLbDhanpat Raic2002 a1380 aNULL